00426 a2200121 4500001001000000005001700010008004100027245010700068100001900175700002700194773006600221999001700287ART_4487320260410161850.0260409a 10aUn repaso sobre las políticas de protección social y la distribución del ingreso en la Argentina1 aRofman, Rafael1 aOliveri, María Laura0 tEconómicag- Año LVIII, Nº 1/2 (ene./dic. 2012)wREV7541 c24907d24907